Presupuestos de Egresos de la Federacin̤

Bibliographic Details
Format: eBook
Language:Spanish
Published: Ciudad de Mx̌ico : Cm̀ara de Diputados, 2013 -
Subjects:
Online Access:Acceso restringido

MARC

LEADER 00000nam a22000007a 4500
005 20171010115129.0
007 cr|||| ||||
008 171010c20xx9999mx |||| s|||| 0|||b1spa d
035 |a 20387 
040 |a vLex 
090 |c 7104  |d 7104 
245 0 0 |a Presupuestos de Egresos de la Federacin̤  |h [Recurso electrn̤ico] 
256 |a Servicio en ln̕ea 
260 |a Ciudad de Mx̌ico :  |b Cm̀ara de Diputados,  |c 2013 - 
300 |a 1 recurso electrn̤ico 
310 |a Anual 
362 |a Nm︢. 1 (2013) -  
506 |a Disponible solo en los productos indicados  |d vLex Global  |d vLex Global (Academic Edition, excluding Law Schools)  |d vLex Global (U.S. Academic Edition, Law Schools)  |d vLex Global (U.S. Academic Edition, excluding Law Schools)  |d vLex Global (Academic Edition, Law Schools) 
650 0 4 |a Presupuestos  |z Mx̌ico 
650 0 4 |a Derecho presupuestario  |z Mx̌ico 
740 0 |a vLex Revistas (Servicio en ln̕ea) 
856 4 0 |u http://vlex.com/source/presupuestos-de-egresos-de-la-federacion-20387  |z Acceso restringido 
942 |c REV 
999 0 |a Budget 
999 0 |a Budget - Law and legislation